| 000 -LEADER |
| fixed length control field |
00931nam a22001337a 4500 |
| 040 ## - CATALOGING SOURCE |
| Transcribing agency |
RUA |
| 082 ## - DEWEY DECIMAL CLASSIFICATION NUMBER |
| Classification number |
AED TON 2016 B657 Or.1 |
| 100 ## - MAIN ENTRY--AUTHOR NAME |
| Personal name |
TONG VENGRONG តុង វ៉េងរ៉ុង |
| 245 ## - TITLE STATEMENT |
| Title |
the economics efficiency of household chicken production of kamnaoet themey kampong po community at kranyov commune sa ang district, kandal province ប្រសិទ្ធភាពសេដ្ឋកិច្ចនៃផលិតកម្មមាន់យកសាច់ជាលក្ខណះគ្រួសាររបស់ជាសហគមន៍កំណើតថ្មី កំពង់ពោធិ័នៅក្នុងឃុំក្រុំាងយ៉ូវ ស្រុកស្អាង ខេត្តកណ្តាល |
| 260 ## - PUBLICATION, DISTRIBUTION, ETC. (IMPRINT) |
| Place of publication |
RUA |
| Name of publisher |
Phnom penh |
| Year of publication |
2016 |
| 300 ## - PHYSICAL DESCRIPTION |
| Number of Pages |
xii;61p |
| Other physical details |
ill; |
| Dimensions |
29cm |
| 856 ## - ELECTRONIC LOCATION AND ACCESS |
| Uniform Resource Identifier |
https://drive.google.com/file/d/1kUNu-m4ZGnKKE9FFGVPtMMcK5mYwX6FM/view?usp=sharing |
| 942 ## - ADDED ENTRY ELEMENTS (KOHA) |
| Koha item type |
AED |
| 952 ## - LOCATION AND ITEM INFORMATION (KOHA) |
| Withdrawn status [LOCAL, KOHA] |
0 |
| 952 ## - LOCATION AND ITEM INFORMATION (KOHA) |
| Withdrawn status [LOCAL, KOHA] |
0 |
| 952 ## - LOCATION AND ITEM INFORMATION (KOHA) |
| Withdrawn status [LOCAL, KOHA] |
0 |
| 952 ## - LOCATION AND ITEM INFORMATION (KOHA) |
| Withdrawn status [LOCAL, KOHA] |
0 |
| 952 ## - LOCATION AND ITEM INFORMATION (KOHA) |
| Withdrawn status [LOCAL, KOHA] |
0 |
| 952 ## - LOCATION AND ITEM INFORMATION (KOHA) |
| Withdrawn status [LOCAL, KOHA] |
0 |